[Event "Aars"]
[Site "Aars"]
[Date "1995.??.??"]
[Round "2"]
[White "Gausel, Einar"]
[Black "Kristensen, Jorgen Juul"]
[Result "1-0"]
[WhiteElo "2495"]
[BlackElo "2335"]
[Annotator "Mowsziszian,K"]
[PlyCount "78"]
[EventDate "1995.10.??"]
[EventType "tourn"]
[EventRounds "9"]
[EventCountry "DEN"]
[EventCategory "9"]
[SourceTitle "CBM 050"]
[Source "ChessBase"]
[SourceDate "1996.02.01"]
[SourceVersion "1"]
[SourceVersionDate "1996.02.01"]
[SourceQuality "1"]

1. d4 Nf6 2. Nf3 g6 3. Bf4 Bg7 4. e3 d6 5. h3 O-O 6. Be2 Nbd7 (6... c5 7. c3
Qb6 8. Qb3 Be6 (8... Qxb3 9. axb3 Nc6 10. Nbd2 Bd7 11. dxc5 dxc5 12. e4 $14 {
Bischoff-Rieke BL 1983-84}) 9. Qxb6 axb6 10. a3 Nc6 11. Nbd2 Na5 $10 12. O-O
Rfc8 13. Rfc1 Bb3 {><b2} 14. Bd3 Nd7 {/\e7-e5} 15. Bb5 Nf8 16. a4 Ne6 17. Bg3
Nc7 18. c4 $2 (18. Be2 c4 $5 {/\b6-b5} (18... Be6 {/\Na5-b3 ><a4} 19. b4))
18... cxd4 19. Nxd4 Bxd4 20. exd4 {Dreev,A-Sokolov,I/Groningen ;CBM 27 1991/
0-1 (30)}) 7. O-O Qe8 (7... b6 $142 8. c4 Bb7 9. Nc3 Ne4 $10) 8. c4 e5 9. Bh2
b6 $2 (9... Ne4 $5 10. Bd3 f5 11. dxe5 Nxe5 $10) 10. Nc3 a6 11. a4 Bb7 12. a5
Qe7 (12... e4 $2 13. Nd2 {גh2-b8}) 13. axb6 cxb6 14. Qb3 Ne4 15. Nxe4 Bxe4 16.
Rfe1 $16 {><a6,b6,d6,} Rfe8 (16... Qf6 17. Nd2 Bb7 18. Bf3 Bxf3 19. Nxf3 exd4
20. Nxd4 $16 {><d6}) 17. Nd2 Bb7 18. Bf3 e4 19. Be2 Rac8 20. Nb1 $1 {
/\Nc3-a4><b6,d6} Kh8 21. Nc3 f5 22. Nd5 (22. Na4 g5 23. Nxb6 Nxb6 24. Qxb6 f4
$1 25. exf4 Rc6 26. Qa5 gxf4 27. Bxf4 Bxd4 $13) 22... Bxd5 23. cxd5 $16 {
><c6,d6} a5 24. Rac1 g5 25. Rc6 f4 26. exf4 a4 (26... Bxd4 27. Qc4 $1 Bc5 28.
Bh5 $18) 27. Qc2 Rcd8 28. fxg5 Qxg5 29. Rxd6 e3 (29... Bxd4 30. Qxa4) 30. Bf3
Rf8 (30... exf2+ 31. Qxf2 Rxe1+ 32. Qxe1 Bxd4+ 33. Kh1 $16 Bxb2 $2 34. Rxd7 $18
) 31. Qe2 exf2+ 32. Qxf2 Nf6 33. Rxd8 Rxd8 34. d6 Rf8 35. Qe2 b5 36. Bc6 Nd5
37. Bxd5 Qxd5 38. Be5 Rg8 39. Bxg7+ Rxg7 (39... Rxg7 40. Qe8+ Rg8 (40... Qg8
41. d7 Rxg2+ 42. Kh1 $18) 41. Qe5+ Qxe5 42. dxe5 $18) 1-0

[Event "POL-ch"]
[Site "Warsaw"]
[Date "2004.05.03"]
[Round "9"]
[White "Jakubowski, Krzysztof"]
[Black "Gdanski, Jacek"]
[Result "0-1"]
[WhiteElo "2492"]
[BlackElo "2529"]
[Annotator "Mueller,Karsten"]
[PlyCount "154"]
[EventDate "2004.04.24"]
[EventType "tourn"]
[EventRounds "13"]
[EventCountry "POL"]
[EventCategory "12"]
[SourceTitle "CBM 101"]
[Source "ChessBase"]
[SourceDate "2004.07.27"]
[SourceVersion "1"]
[SourceVersionDate "2004.07.27"]
[SourceQuality "1"]

1. Nf3 Nf6 2. b3 g6 3. Bb2 Bg7 4. d4 O-O 5. Nbd2 c5 6. e3 cxd4 7. exd4 d5 8.
Be2 Nc6 9. O-O Bf5 10. a3 Rc8 11. Re1 Ne4 12. Nf1 Nd6 13. Ne3 Be4 14. Ng5 e6
15. Nxe4 Nxe4 16. Rb1 Qf6 17. f3 Nd6 18. Bf1 Nf5 19. Nxf5 Qxf5 20. Kh1 Rfd8 21.
Qd2 a6 22. Rbd1 Qf6 23. Qf2 Rd7 24. c3 Qd8 25. Rd3 Qb6 26. b4 Ne5 27. Rdd1 Nc4
28. Bc1 Nd6 29. Rd3 Rdc7 30. Qd2 a5 31. Rd1 Qa7 32. Qe1 Nc4 33. g3 axb4 34.
axb4 Ra8 35. Bf4 Rc6 36. b5 Rcc8 37. Rb1 Qb6 38. Rb3 Ra2 39. Rd1 Bf8 40. Rbb1
Ra5 41. h4 Rxb5 42. Rxb5 Qxb5 43. Rb1 Qc6 44. Kh2 Ra8 45. Ra1 b5 46. Rxa8 Qxa8
47. Qb1 Na3 48. Qd3 Qa4 49. g4 Qb3 50. Kg3 Nc4 51. h5 Qb2 52. h6 Qa1 53. Kh3
Qe1 54. g5 Bd6 55. Bxd6 Nxd6 56. Qe2 Qxe2 57. Bxe2 f6 58. f4 Kf7 59. Kg4 Ne4
60. Bxb5 Nxc3 61. Bd3 Ne4 62. Bc2 Nd6 63. Bd3 Nc8 64. Kg3 Ne7 65. Kf3 Nf5 66.
Bxf5 exf5 67. Kg3 {How does Black break open White's fortress?  Wie knackte
Schwarz die weiße Festung?} Ke6 (67... fxg5 $6 {is unnecessarily complicated.
ist unnötig kompliziert:} 68. fxg5 Ke7 69. Kf4 Kd6 70. Ke3 Kc6 71. Kf4 Kb5 72.
Ke5 Kc4 73. Kf6 f4 74. Kg7 f3 75. Kxh7 f2 76. Kg8 f1=Q 77. h7 Qf4 78. h8=Q Qxg5
{and Black should win. und Schwarz sollte gewinnen.}) 68. Kf3 Kd6 $1 {Correct:
marching over to the queenside to make White capture on f6.  Richtig: durch
einen Marsch zum Damenflügel, um Weiß zum Schlagen auf f6 zu veranlassen.} 69.
Ke3 Kc6 70. gxf6 (70. Kd3 fxg5 71. fxg5 Kb5 72. Kc3 Ka4 73. Kd3 Kb4 74. Kd2 Kc4
75. Ke3 Kc3 76. Kf3 Kd3 77. Kf4 Kxd4 $19) 70... Kd6 71. Kf3 Ke6 72. Kg3 Kxf6
73. Kh4 g5+ $1 {the decisive point of it all. die entscheidende Pointe} 74.
fxg5+ Kg6 75. Kh3 Kxg5 76. Kg3 f4+ 77. Kf3 Kf5 ({Even Sogar} 77... Kxh6 {
would have led to the win: hätte zum Gewinn geführt:} 78. Kxf4 Kg6 79. Ke5 h5
80. Kxd5 Kf5 $3 81. Kc6 h4 82. d5 h3 83. d6 h2 84. d7 h1=Q+ $19 {to noisy
applause! mit akustischem Beiklang!}) 0-1

[Event "FRA-ch 58 Championnat"]
[Site "Belfort"]
[Date "1983.08.13"]
[Round "2"]
[White "Seret, Jean Luc"]
[Black "Manouck, Thierry"]
[Result "1-0"]
[WhiteElo "2375"]
[BlackElo "2375"]
[Annotator "Primel,D"]
[PlyCount "61"]
[EventDate "1983.08.12"]
[EventType "tourn"]
[EventRounds "15"]
[EventCountry "FRA"]
[EventCategory "2"]
[SourceTitle "EXT 2016"]
[Source "ChessBase"]
[SourceDate "2015.10.08"]
[SourceVersion "1"]
[SourceVersionDate "2015.10.08"]
[SourceQuality "1"]
[TimeControl "40/9000:16/5400:0"]

1. e4 g6 {Duel théorique intéressant entre deux connaisseurs de la Pirc.} 2.
d4 Bg7 3. c3 d6 4. Bg5 Nf6 5. Nd2 O-O 6. Ngf3 Nc6 7. Be2 h6 (7... e5 $143 8.
dxe5 Nxe5 9. Nxe5 dxe5 10. Qc2 {[%cal Ga1d1,Gd1d8]} h6 11. Bh4 Qe7 12. O-O Be6
13. Rfd1 c6 14. a4 $14) 8. Bh4 Qe8 $146 (8... Nh5 9. O-O {Csom,I-Liebert,H
Kecskemet Toth Memorial 3rd 1970 (1) 1/2}) 9. O-O Nh5 (9... e5) 10. Re1 g5 $6 (
10... Nf4 $142 11. Bf1 e5 12. dxe5 Nxe5 13. Nxe5 dxe5 14. Qb3 a6 15. a4 Qc6 16.
Bc4 Be6 17. Bxe6 Nxe6 18. a5 Qb5 19. f3 Nf4 20. Qxb5 axb5 21. Red1 g5 22. Bf2
Rfd8 23. Nb3 Bf8 24. g3 Nh3+ 25. Kg2 {Ornstein,A (2440)-Krasenkow,M (2575)/
Stockholm 1994/ EXT 2000/1/2-1/2 (39)}) 11. Bg3 e6 $6 {[%csl Rc8][%cal Gf7f5]}
12. Bc4 $1 $16 {Réfute le plan des noirs visant à pousser "f7f5" mais
maintenant le Bc8 est enfermé} Nxg3 (12... f5 $6 13. exf5 Rxf5 14. Qe2 $16)
13. hxg3 Ne7 14. Nh2 $1 {[%csl Rh6][%cal Gd1h5,Rh2g4] les cases blanches de
l'aile roi de MANOUCK se sont affaiblies et le Bc8 ne peut plus les défendre.}
(14. g4 $5 Ng6) 14... Qd8 15. Qh5 {[%csl Rg6]} d5 16. Bb3 f5 (16... dxe4 17.
Nxe4 (17. Ng4 $36 {[%cal Gg4h6]}) 17... Nd5 18. Nf3 {[%cal Ge4g5,Gb3d5]} b6 19.
a4) 17. exf5 exf5 (17... Nxf5 18. Ndf3 $1 {[%cal Gf3e5,Rh2g4]}) 18. Nhf3 {
[%csl Re5]} c6 19. Ne5 $16 {[%csl Ge5]} Bd7 20. Qf3 Be8 21. g4 $1 fxg4 22. Qxg4
Nf5 23. Ne4 $1 $36 {[%csl Rb7,Re6][%cal Ge4c5]} Kh8 24. Nc5 h5 $6 {Provoque un
nouveau affaiblissement de l'aile-roi} 25. Qh3 $1 Qc8 26. Bd1 Nd6 $2 (26... h4)
27. Bg4 $1 Nf5 28. Bxh5 Nh6 29. Bg4 Qb8 30. Bd7 Rf6 $4 31. Ng4 {Thierry
MANOUCK a été surclassé dans la partie par le champion de France sortant.} 1-0

[Event "Poikovsky Karpov 19th"]
[Site "Poikovsky"]
[Date "2018.06.04"]
[Round "8"]
[White "Artemiev, Vladislav"]
[Black "Nepomniachtchi, Ian"]
[Result "1/2-1/2"]
[WhiteElo "2704"]
[BlackElo "2751"]
[Annotator "Quintiliano,R"]
[PlyCount "124"]
[EventDate "2018.05.27"]
[EventType "tourn"]
[EventRounds "9"]
[EventCountry "RUS"]
[EventCategory "18"]
[SourceTitle "CBM 185"]
[Source "ChessBase"]
[SourceDate "2018.07.13"]
[SourceVersion "1"]
[SourceVersionDate "2018.07.13"]
[SourceQuality "1"]

1. d4 Nf6 2. Nf3 g6 3. Bg5 Bg7 4. Nbd2 O-O (4... c5 {was played by another
Russian GM against Artemiev recently} 5. e3 cxd4 6. exd4 b6 7. Bd3 Bb7 8. O-O
O-O 9. Re1 d6 10. Qe2 Re8 11. Ne4 Nbd7 12. Rad1 {Artemiev,V (2697)-Svidler,P 
(2760) 11th Tal Mem Blitz 2018 (2.6) 1-0}) 5. e3 {Some players like the Torre
Attack because in some mover orders White has a very flexible setup, with many
plans available.} ({another way is to go for} 5. e4 d6 6. c3) ({or} 5. c3 d6 6.
e4) 5... d6 6. Bc4 $5 {This move is very interesting: White aims to provoke
the d6-d5 advance, after which Black is deprived of the standard ideas c7-c5
or e7-e5, the white knight gets a nice square on e5 and White can play c2-c4
later. If Black doesn't plays d5, then the bishop is normally developed on c4.}
Qe8 {Nepo, of course, doesn't falls into this small provocation.} ({We can
find a nice example of how useful this Bc4 has been to Artemiev in the
following game:} 6... c5 7. c3 Nc6 8. O-O b6 9. a3 Bb7 10. b4 cxd4 11. cxd4 h6
12. Bh4 e6 13. d5 $1 exd5 14. Bxd5 g5 15. Bxc6 Bxc6 16. Nd4 $1 Bb7 17. Bg3 {
[%csl Yd6];Artemiev,V (2653)-Banikas,H (2568) Wch Rapid Doha 2016 (2) 1-0}) 7.
O-O e5 8. a4 $146 {Although in this position this is a novelty, such an idea
is not really new: White aims to pose some practical decisions for Black
already, in this case allowing the opponent to grab some space on queenside,
or fixing the pawn structure there.} a5 {Nepo choses the second option which
seems the safer one.} ({In fact,} 8... Nbd7 9. a5 {seems like a small
improvement of White's position}) ({the direct} 8... e4 {is not so good now,
for example} 9. Ne1 a5 10. Bxf6 $1 Bxf6 11. f3 $1 exf3 12. Qxf3 {[%csl Yf7]
[%cal Yf1f8] and White has some annoying pressure against f7.}) 9. c3 Nbd7 (
9... e4 10. Bxf6 $1 Bxf6 11. Ne1 {[%cal Yf2f3] still seems harmless.}) 10. e4 {
Since e5-e4 was a serious threat now, White must advance his pawn.} h6 11. Bh4
Nb6 12. Bd3 (12. Bb5 $5 {was interesting to force some pawn advances in
Black's camp} c6 13. Bd3) 12... Bd7 13. b3 ({White could prevent Black's next
idea by means of} 13. Bxf6 Bxf6 14. b3 {but it is strategically risky to give
the bishop pair to the opponent with such a flexible structure} Bg7 {and Black
has good prospects.}) 13... Nh5 $1 {Improving the knight and allowing Black to
consider f7-f5 ideas.} 14. Re1 Nf4 15. Bf1 Be6 16. Qc2 Kh8 17. Rad1 Rc8 {
A mysterious move. I would assume that Nepo was just getting prepared in order
to face the d4-d5 advance with c7-c6 after retreating the bishop, or keeping
ideas with exd4 followed by c7-c5 available. Such moves also have a
psychological nature, as White must try to understand what is behind it, and
keep an eye on these ideas.} 18. Qc1 f6 19. Qc2 {The game develops into a
quiet and strategic battle. The queen was placed on c1 probably to put some
pressure on the Nf4, but after f7-f6 it goes back, as the g6-pawn can be
somehow unprotected.} Bg8 20. Bg3 Nh5 {The knight should go back.} (20... g5
21. Bxf4 exf4 (21... gxf4 $2 22. Nh4 {[%csl Gf5,Gg6]}) 22. c4 Nd7 23. c5 $1
dxc5 24. dxc5 c6 25. Nc4 Bxc4 26. Qxc4 $14) 21. Nh4 Kh7 22. Bb5 $1 c6 23. Be2
$1 {After finishing development, White starts to look for weaknesses in
Black's camp and concrete play.} Nxg3 24. hxg3 Bf7 25. f4 $1 {After a quiet
opening, Artemiev takes the initiative.} Rd8 26. f5 {Artemiev goes for this
thematic and interesting idea, but he could have prepared even better to
execute it.} ({For example} 26. Nf1 Qe7 27. f5 $1 g5 28. Ng6 Bxg6 29. fxg6+
Kxg6 30. Ne3 {[%cal Ye3f5] and the knight becomes a monster on f5.}) 26... g5
27. Ng6 $1 Bxg6 28. fxg6+ Qxg6 29. Bg4 $44 {[%csl Gg4] A usual plan in KID
structures, in which Black places a lot of pawns on dark squares while having
a Bg7. In return for the sacrificed pawn, White achieves total control over
the light squares, with at least enough compensation, specially because the
Black king becomes a bit exposed. But compared with the last note, we can see
how useful it would be to have a knight coming to f5 here.} Kh8 30. Nc4 $1 {
Well played by Artemiev.} ({There was no time to bring the knight to f5:} 30.
Nf1 {[%cal Yf1e3,Ye3f5]} d5 $1 31. Bf5 (31. Ne3 Qxe4) 31... Qf7 32. Ne3 dxe4
33. Bxe4 Nc8 $1 {[%cal Yc8d6,Yc8e7] and with an open centre and the kinght
coming to hold the light squares, Black seems able to be ok.}) 30... Nxc4 31.
bxc4 d5 $5 {Practically speaking, the most natural, as Nepo definitely wants
to prevent a grip on the light squares.} (31... Qf7 32. d5 $14 {is very
pleasant for White.}) 32. Bf5 Qf7 33. exd5 cxd5 34. c5 $1 {[%csl Ra5,Rb7] Life
is anything but easy for Black here: The kingside is blocked, but White is
actually looking to the other side, as the queenside has some nice targets.}
Qc7 35. Rb1 Rfe8 36. Qb3 $1 {[%csl Yb7] Not only protecting b7, also after}
exd4 37. cxd4 {[%csl Gg3] g3 is protected by the queen.} h5 $5 {What else?
Black has no useful ideas left, this is the only try.} 38. Kf2 (38. Re3 $1 {
was winning by a nice detail} Rxe3 (38... h4 39. Qxb7 $1 Qxb7 40. Rxe8+ Rxe8
41. Rxb7 hxg3 42. Kf1 $18 {[%cal Yc5c8]}) 39. Qxe3 Qf7 (39... h4 40. gxh4 gxh4
41. Rb6 {[%cal Rb6f6]} Rf8 42. Qf2 $18) 40. Rb6 {Black is simply lost, for
example} Re8 41. Rxb7 $1 $18) 38... h4 39. Qf3 Bh6 40. g4 {White has more than
one winning path here, and Artemiev plays very technically making sure that
the bishop does not come into the game.} (40. Qh5 $1 {was the forcing way}
hxg3+ (40... Qxg3+ 41. Kf1 Qf4+ 42. Kg1 $1 Rxe1+ 43. Rxe1 Qxf5 44. Qxh6+ Kg8
45. Re7 Qb1+ 46. Kh2 $18) 41. Kg1 Rxe1+ 42. Rxe1 Qg7 43. Re6 {the invasion
using the light squares is decisive, for example} Qf8 (43... Rf8 44. Rd6 {
[%cal Yd6d7]}) 44. c6 $1 bxc6 45. Rxc6 Re8 46. Kf1 Kg8 47. Qg6+ Bg7 48. Qh7+
Kf7 49. Bg6+ $18) 40... Rxe1 41. Kxe1 (41. Rxe1 $2 b6 $1 $132) 41... Re8+ 42.
Kf2 Bg7 {Nepo is fighting, but the Bg7 represents a piece down in practice,
and White's forces are very active.} 43. Kg1 (43. Rb6 {was clearly winning:}
Re7 (43... Rd8 44. Qe3 Kg8 45. Rd6 $1 Kh8 46. Qe6 $18) 44. Rd6 $18 {[%csl Rd5]}
) 43... Qc6 44. Bd3 $1 {[%cal Yd3b5,Gf3f5] Finally, Artemiev is ready for
decisive measures.} Qxa4 (44... Re7 45. Qf5 Kg8 46. Bb5 Qe6 47. Qxe6+ Rxe6 48.
Bd7 Re4 49. Rxb7 {[%cal Yc5c8] seems desperate for Black.}) 45. Qxd5 h3 46. Bg6
$1 f5 $8 {Nepo is not ready to give up and even now finds the only move to
keep some resistance.} (46... Rf8 47. Rb3 $18 {[%cal Gb3h3] was checkmate.})
47. Bxe8 Qxe8 48. gxf5 $2 {Nepo's reward came quickly, as after this move
Artemiev started to lose his advantage. As the analysis show, however, I can't
blame him for that.} (48. Rxb7 {was the best move, but precision was required
by White, the variations were anything but easy to calculate:} fxg4 (48... hxg2
49. Rb2 $1 {keeping all the checks under control}) (48... Qe3+ 49. Kh2 Qf4+ 50.
g3 Qf2+ 51. Kxh3 Qf1+ 52. Kh2 $19 {[%cal Yd5g2]}) 49. Kh2 $3 {a beautiful
prophylactic move, preventing the checks by the Black queen} hxg2 (49... g3+
50. Kxh3 Qh5+ 51. Kxg3 Qh4+ 52. Kf3 Qf4+ 53. Ke2 Qg4+ 54. Qf3 $18) 50. Kxg2 $1
Qe2+ 51. Kg3 Qe3+ 52. Kxg4 Qf4+ 53. Kh5 $1 {the White king finds a safe place
inside Black's forces!} Kh7 54. Qh1 $3 $18 {[%cal Gh1b1] this variation is
just amazing, and really hard to find over the board.}) 48... Qe3+ 49. Kh1
hxg2+ 50. Qxg2 Qxd4 $6 (50... Bxd4 $142) 51. Qh3+ (51. Qf3 $5 {[%cal Yb1d1,
Yf3h5] was a better try.}) 51... Kg8 52. Qf3 a4 $1 {Incredibly enough, Black
is able to reach the draw with a nice resource.} 53. Rxb7 (53. Rd1 $5 {would
keep chances, but the king is better on g8 now} Qxc5 54. Rd8+ Bf8 55. Qe4 Qc7
$14) 53... g4 $1 54. Qc6 (54. Rb8+ {doesn't change anything} Kh7 55. Qb7 Qd1+
56. Kg2 Qe2+ 57. Kg3 Qe3+ 58. Kxg4 Qd4+ 59. Kf3 Qd3+ 60. Kf4 Qd4+ 61. Kg5 Qe3+
62. Kg4 Qd4+ $11) 54... Qd1+ 55. Kg2 Qe2+ 56. Kg3 Be5+ 57. Kh4 Qh2+ 58. Kxg4 (
58. Kg5 $4 {oops!} Bf4+ 59. Kf6 Qh6+ $19) 58... Qf4+ 59. Kh5 Qh2+ 60. Kg6 Qg3+
61. Kh5 Qh3+ 62. Kg5 Qg3+ {An interesting game, Artemiev's sacrifice to get
control of the light squares was very instructive, but Nepo's fighting spirit
and miraculous escape was no less impressive.} 1/2-1/2